000 00500nam a2200181Ia 4500
003 GCL
008 140319s9999 xx 000 0 eng d
040 _aGCL /
_cGCL
082 0 4 _a709.41
_bD E
100 1 _aDENVIR, BERNARD
245 1 0 _aThe Eighteenth Century: Art, Design and Society, 1689-1789 /
_cDENVIR, BERNARD
260 _a[S.N] :
_bLONGMAN ،
_c1983
300 _a306
650 0 4 _aART MODREN 17TH CENTURY
650 0 4 _aART, ENGLAND
650 0 4 _aASTHLETICS, BRITISH
942 _2ddc
_cBK
999 _c17345
_d17345